The Building Regulations 2000 (Record no. 102687)
[ view plain ]
| 000 -LEADER | |
|---|---|
| fixed length control field | 01922cam a2200409 4500 |
| 008 - FIXED-LENGTH DATA ELEMENTS--GENERAL INFORMATION | |
| fixed length control field | 030317n2003 000 0 eng u |
| 020 ## - INTERNATIONAL STANDARD BOOK NUMBER | |
| International Standard Book Number | 0117536423 |
| 035 ## - SYSTEM CONTROL NUMBER | |
| System control number | (Sirsi) u121636 |
| 041 ## - LANGUAGE CODE | |
| Language code of text/sound track or separate title | eng |
| 050 ## - LIBRARY OF CONGRESS CALL NUMBER | |
| Classification number | 692.2 |
| -- | 18 |
| 110 ## - MAIN ENTRY--CORPORATE NAME | |
| Corporate name or jurisdiction name as entry element | United Kingdom |
| Subordinate unit | Office of the Deputy Prime Minister |
| 240 ## - UNIFORM TITLE | |
| Uniform title | Part E |
| 240 ## - UNIFORM TITLE | |
| Uniform title | Approved Document E |
| 245 #4 - TITLE STATEMENT | |
| Title | The Building Regulations 2000 |
| Remainder of title | the Building (Approved Inspectors etc.) Regulations 2000 - resistance to the passage of sound. Approved Document E |
| 250 ## - EDITION STATEMENT | |
| Edition statement | 2003 ed. |
| 260 ## - PUBLICATION, DISTRIBUTION, ETC. | |
| Place of publication, distribution, etc. | Norwich |
| Name of publisher, distributor, etc. | TSO |
| Date of publication, distribution, etc. | 2003 |
| 300 ## - PHYSICAL DESCRIPTION | |
| Extent | 77p. |
| Other physical details | ill. |
| Dimensions | 30cm. |
| 350 ## - PRICE (NR) (BK AM CF MU VM SE) [OBSOLETE] | |
| Price | 14 |
| 490 #0 - SERIES STATEMENT | |
| Series statement | Colliers International Property Snapshot |
| 505 ## - FORMATTED CONTENTS NOTE | |
| Formatted contents note | E1: protection against sound from other parts of the building and adjoining buildings |
| 505 ## - FORMATTED CONTENTS NOTE | |
| Formatted contents note | E2: protection against sound within a dwelling-house etc |
| 505 ## - FORMATTED CONTENTS NOTE | |
| Formatted contents note | E3: reverberation in the common internal parts of buildings containing flats or rooms for residential purposes |
| 505 ## - FORMATTED CONTENTS NOTE | |
| Formatted contents note | E4: acoustic conditions in schools |
| 505 ## - FORMATTED CONTENTS NOTE | |
| Formatted contents note | Regulation 20A: the Building Regulations 2000 (as amended) |
| 505 ## - FORMATTED CONTENTS NOTE | |
| Formatted contents note | Regulation 12A: the Building (Approved Inspectors etc) Regulations 2000 (as amended) |
| 505 ## - FORMATTED CONTENTS NOTE | |
| Formatted contents note | Annex A: method for calculating mass per unit area |
| 505 ## - FORMATTED CONTENTS NOTE | |
| Formatted contents note | Annex B: procedures for sound insulation testing |
| 505 ## - FORMATTED CONTENTS NOTE | |
| Formatted contents note | Annex C: glossary |
| 505 ## - FORMATTED CONTENTS NOTE | |
| Formatted contents note | Annex D: references |
| 520 ## - SUMMARY, ETC. | |
| Summary, etc. | Came into effect 1 July 2003. |
| 650 ## - SUBJECT ADDED ENTRY--TOPICAL TERM | |
| Topical term or geographic name entry element | BUILDING REGULATIONS 2000 |
| 650 ## - SUBJECT ADDED ENTRY--TOPICAL TERM | |
| Topical term or geographic name entry element | BUILDING (APPROVED INSPECTORS ETC.) REGULATIONS 2000 |
| 650 ## - SUBJECT ADDED ENTRY--TOPICAL TERM | |
| Topical term or geographic name entry element | BUILDING REGULATIONS 2000 APPROVED DOCUMENT E (2003 EDITION) |
| 690 ## - LOCAL SUBJECT ADDED ENTRY--TOPICAL TERM (OCLC, RLIN) | |
| Topical term or geographic name as entry element | Building regulations |
| 9 (RLIN) | 6224 |
| 856 ## - ELECTRONIC LOCATION AND ACCESS | |
| Uniform Resource Identifier | <a href="https://webarchive.nationalarchives.gov.uk/+/communities.gov.uk/pub/348/approveddocumenteresistancetothepassageofsound2003editionpdf3310kb_id1161348.pdf">https://webarchive.nationalarchives.gov.uk/+/communities.gov.uk/pub/348/approveddocumenteresistancetothepassageofsound2003editionpdf3310kb_id1161348.pdf</a> |
| Public note | View this item free of charge at www.odpm.gov.uk... |
| 942 ## - ADDED ENTRY ELEMENTS (KOHA) | |
| Suppress in OPAC | 0 |
| Withdrawn status | Lost status | Source of classification or shelving scheme | Damaged status | Not for loan | Home library | Current library | Shelving location | Date acquired | Total Checkouts | Full call number | Barcode | Date last seen | Copy number | Price effective from | Koha item type |
|---|---|---|---|---|---|---|---|---|---|---|---|---|---|---|---|
| Dewey Decimal Classification | Virtual | Virtual | Online | 17/03/2003 | ONLINE PUBLICATION | 121636-2001 | 06/08/2019 | 1 | 06/08/2019 | Book |